Agroforestry practices with Red Amaranth during the early establishment period of Moringa Plantation / Ms Thesis (Record no. 14642)
[ view plain ]
| 000 -LEADER | |
|---|---|
| fixed length control field | 01106nam a22002897a 4500 |
| 001 - CONTROL NUMBER | |
| control field | BD-DhSAU 9032 |
| 003 - CONTROL NUMBER IDENTIFIER | |
| control field | BD-DhSAU |
| 005 - DATE AND TIME OF LATEST TRANSACTION | |
| control field | 20190515143734.0 |
| 008 - FIXED-LENGTH DATA ELEMENTS--GENERAL INFORMATION | |
| fixed length control field | 150612b2017 bg a||||r|||| 000 0 eng d |
| 040 ## - CATALOGING SOURCE | |
| Original cataloging agency | BD-DhSAU |
| 082 ## - DEWEY DECIMAL CLASSIFICATION NUMBER | |
| Edition number | 22 |
| Classification number | 634.9 |
| Item number | Su67 |
| 100 ## - MAIN ENTRY--PERSONAL NAME | |
| Personal name | Sumona , Sinthia Rahman |
| Relator code | Reg. No:17-08202 |
| 245 ## - TITLE STATEMENT | |
| Title | Agroforestry practices with Red Amaranth during the early establishment period of Moringa Plantation / Ms Thesis |
| Statement of responsibility, etc. | Sumona , Sinthia Rahman |
| 260 ## - PUBLICATION, DISTRIBUTION, ETC. (IMPRINT) | |
| Place of publication, distribution, etc. | Sher-e- Bangla Agricultural University : |
| Name of publisher, distributor, etc. | Department of Agroforestry and Environmental Science, |
| Date of publication, distribution, etc. | 2017, |
| 300 ## - PHYSICAL DESCRIPTION | |
| Extent | x, 75 p. : |
| Other physical details | ill. , |
| Dimensions | 30 cm. |
| 504 ## - BIBLIOGRAPHY, ETC. NOTE | |
| Bibliography, etc | Includes references. |
| 590 ## - Name of Cataloguer | |
| Name of Cataloger | Shofi |
| 650 ## - SUBJECT ADDED ENTRY--TOPICAL TERM | |
| Topical term or geographic name as entry element | Agroforestry And Environmental Science |
| 650 ## - SUBJECT ADDED ENTRY--TOPICAL TERM | |
| Topical term or geographic name as entry element | Red Amaranth |
| 650 ## - SUBJECT ADDED ENTRY--TOPICAL TERM | |
| Topical term or geographic name as entry element | Early establishment period |
| 650 ## - SUBJECT ADDED ENTRY--TOPICAL TERM | |
| Topical term or geographic name as entry element | Moringa Plantation |
| 650 ## - SUBJECT ADDED ENTRY--TOPICAL TERM | |
| Topical term or geographic name as entry element | Agroforestry practices |
| 700 ## - ADDED ENTRY--PERSONAL NAME | |
| Personal name | Hossain , Md. Kausar |
| Relator term | Supervisor |
| 700 ## - ADDED ENTRY--PERSONAL NAME | |
| Personal name | Hossain, Md. Forhad |
| Relator term | Co-Supervisor |
| 856 ## - ELECTRONIC LOCATION AND ACCESS | |
| Uniform Resource Identifier | <a href="http://archive.saulibrary.edu.bd:8080/xmlui/handle/123456789/2342">http://archive.saulibrary.edu.bd:8080/xmlui/handle/123456789/2342</a> |
| Link text | Online Access |
| 942 ## - ADDED ENTRY ELEMENTS (KOHA) | |
| Source of classification or shelving scheme | Dewey Decimal Classification |
| Koha item type | MS Level Thesis |
| Withdrawn status | Lost status | Source of classification or shelving scheme | Damaged status | Not for loan | Collection code | Home library | Branch Name | Date acquired | Total Checkouts | Full call number | Barcode | Date last seen | Price effective from | Koha item type |
|---|---|---|---|---|---|---|---|---|---|---|---|---|---|---|
| Dewey Decimal Classification | Not For Loan | Reference | SAU Library | SAU Library | 07/04/2019 | 634.9 Su67 | 41271 | 12/05/2019 | 12/05/2019 | MS Level Thesis |
